<?xml version="1.0" encoding="UTF-8"?>
<record
    xmlns:xsi="http://www.w3.org/2001/XMLSchema-instance"
    xsi:schemaLocation="http://www.loc.gov/MARC21/slim http://www.loc.gov/standards/marcxml/schema/MARC21slim.xsd"
    xmlns="http://www.loc.gov/MARC21/slim">

  <leader>     nam a22     7a 4500</leader>
  <datafield tag="999" ind1=" " ind2=" ">
    <subfield code="c">49753</subfield>
    <subfield code="d">49753</subfield>
  </datafield>
  <controlfield tag="003">OSt</controlfield>
  <controlfield tag="005">20200225143505.0</controlfield>
  <controlfield tag="008">200225b        xxu||||| |||| 00| 0 eng d</controlfield>
  <datafield tag="040" ind1=" " ind2=" ">
    <subfield code="c">IIMT COLLEGE OF ENGINEERING,GREATER NOIDA</subfield>
  </datafield>
  <datafield tag="100" ind1=" " ind2=" ">
    <subfield code="a">GOPALKRISHNAN,P &amp; SURNDARESAN,M.</subfield>
  </datafield>
  <datafield tag="245" ind1=" " ind2=" ">
    <subfield code="a">MATERIALS MANAGEMENT</subfield>
  </datafield>
  <datafield tag="260" ind1=" " ind2=" ">
    <subfield code="a">NEW DELHI</subfield>
    <subfield code="b">P.H.I.</subfield>
    <subfield code="c">2018</subfield>
  </datafield>
  <datafield tag="300" ind1=" " ind2=" ">
    <subfield code="a">276</subfield>
  </datafield>
  <datafield tag="942" ind1=" " ind2=" ">
    <subfield code="2">ddc</subfield>
    <subfield code="c">02</subfield>
  </datafield>
  <datafield tag="952" ind1=" " ind2=" ">
    <subfield code="0">0</subfield>
    <subfield code="1">0</subfield>
    <subfield code="2">ddc</subfield>
    <subfield code="4">0</subfield>
    <subfield code="7">0</subfield>
    <subfield code="a">21</subfield>
    <subfield code="b">21</subfield>
    <subfield code="d">2020-02-25</subfield>
    <subfield code="e">ARISTA PUBLISHERS ,NEW DELHI</subfield>
    <subfield code="g">295.00</subfield>
    <subfield code="i">IN-273/11/02/2020</subfield>
    <subfield code="l">0</subfield>
    <subfield code="p">21-B-5650</subfield>
    <subfield code="r">2020-02-25</subfield>
    <subfield code="w">2020-02-25</subfield>
    <subfield code="y">02</subfield>
  </datafield>
  <datafield tag="952" ind1=" " ind2=" ">
    <subfield code="0">0</subfield>
    <subfield code="1">0</subfield>
    <subfield code="2">ddc</subfield>
    <subfield code="4">0</subfield>
    <subfield code="7">0</subfield>
    <subfield code="a">21</subfield>
    <subfield code="b">21</subfield>
    <subfield code="d">2020-02-25</subfield>
    <subfield code="e">ARISTA PUBLISHERS ,NEW DELHI</subfield>
    <subfield code="g">295.00</subfield>
    <subfield code="i">IN-273/11/02/2020</subfield>
    <subfield code="l">0</subfield>
    <subfield code="p">21-B-5651</subfield>
    <subfield code="r">2020-02-25</subfield>
    <subfield code="w">2020-02-25</subfield>
    <subfield code="y">02</subfield>
  </datafield>
</record>
